000
00271nam a22001217a 4500
082
_a
671.52 BRV'W
100
_a
BRUMBAUGH, J.E
_9
77085
245
_a
AUDELTS WELDERS GUIDE AND HANDBOOK
250
_a
3RD
260
_a
BOMBAY
_b
D.B.T
_c
1976
300
_a
918P
942
_c
BK
999
_c
582409
_d
582409